Investment Research Quarterly (Record no. 119246)

MARC details
000 -LEADER
fixed length control field 00825cas a22002175 4500
001 - CONTROL NUMBER
control field E148949
008 - FIXED-LENGTH DATA ELEMENTS--GENERAL INFORMATION
fixed length control field 091202c2008 xxkqr w 0 a0eng u
035 ## - SYSTEM CONTROL NUMBER
System control number (Sirsi) u148949
041 0# - LANGUAGE CODE
Language code of text/sound track or separate title eng
050 ## - LIBRARY OF CONGRESS CALL NUMBER
Classification number 333.33 $2 18
110 2# - MAIN ENTRY--CORPORATE NAME
Corporate name or jurisdiction name as entry element CB Richard Ellis
9 (RLIN) 3675
245 00 - TITLE STATEMENT
Title Investment Research Quarterly
Medium [electronic resource]
260 ## - PUBLICATION, DISTRIBUTION, ETC.
Place of publication, distribution, etc. CBRE
Date of publication, distribution, etc. 2008-
362 0# - DATES OF PUBLICATION AND/OR SEQUENTIAL DESIGNATION
Dates of publication and/or sequential designation First Quarter 2008-
520 ## - SUMMARY, ETC.
Summary, etc. Discusses various issues related to international property investment and commercial property markets.
554 ## -
-- Four per year
651 #4 - SUBJECT ADDED ENTRY--GEOGRAPHIC NAME
Geographic name International
690 ## - LOCAL SUBJECT ADDED ENTRY--TOPICAL TERM (OCLC, RLIN)
Topical term or geographic name as entry element PROPERTY-COMMERCIAL PROPERTY-COMMERCIAL PROPERTY MARKET
856 40 - ELECTRONIC LOCATION AND ACCESS
Uniform Resource Identifier <a href="https://www.cbreinvestors.com/netroot/cylinder_templates/cylinder_display2.aspx?cyl_id=264#">https://www.cbreinvestors.com/netroot/cylinder_templates/cylinder_display2.aspx?cyl_id=264#</a>
Public note View the publication free of charge at www.cbreinvestors.com...
942 ## - ADDED ENTRY ELEMENTS (KOHA)
Suppress in OPAC 0
Holdings
Withdrawn status Lost status Source of classification or shelving scheme Damaged status Not for loan Home library Current library Shelving location Date acquired Total Checkouts Full call number Barcode Date last seen Copy number Price effective from Koha item type
    Dewey Decimal Classification     Virtual Virtual Online 02/12/2009   ONLINE PUBLICATION 148949-2001 06/08/2019 1 06/08/2019 Book